000
00210 a2200097 4500
001
30720
100
_a
Bowood, R
245
_a
The Story of Sihps
260
_a
Englsand
_b
Ladybird Bks
_c
090
_c
20652
_d
20652
942
_a
NUST-CAE
_c
M
_c
11839
999
_c
265793
_d
265793